Fr. Conceicao Rodrigues College of Engineering

Lian Troubleshooting handbook (Record no. 33780)

MARC details
000 -LEADER
fixed length control field 00278nam a2200133Ia 4500
082 ## - DEWEY DECIMAL CLASSIFICATION NUMBER
Classification number 4.68
100 ## - MAIN ENTRY--PERSONAL NAME
Personal name Miller/ M.A.
245 ## - TITLE STATEMENT
Title Lian Troubleshooting handbook
260 ## - PUBLICATION, DISTRIBUTION, ETC.
Name of publisher, distributor, etc. B.P.B. Pub
Place of publication, distribution, etc. New Delhi
Date of publication, distribution, etc. 1993
546 ## - LANGUAGE NOTE
Language note ENGLISH
654 ## - SUBJECT ADDED ENTRY--FACETED TOPICAL TERMS
Focus term Lian
942 ## - ADDED ENTRY ELEMENTS (KOHA)
Koha item type BOOK
Holdings
Withdrawn status Lost status Damaged status Not for loan Collection Home library Current library Shelving location Date acquired Source of acquisition Cost, normal purchase price Inventory number Total Checkouts Full call number Barcode Date last seen Cost, replacement price Price effective from Koha item type
        CRC Fr. Agnel's C.Rodrigues College of Engineering Fr. Agnel's C.Rodrigues College of Engineering   17/03/2023 global books 150.00 96/14.01.94   4.68 5225 17/03/2023 150.00 17/03/2023 BOOK